Les pays contenant le plus de sunnites (entre 90 % et 100 %) - Statistiques

Statistiques générales
  • Ce quiz a été pris 168 fois
  • Le résultat moyen est 5 sur 9
Statistiques - réponses
Hint Réponse % Correct
93,01 % Algérie
95%
96,56 % Maroc
94%
96,99 % Tunisie
89%
95,54 % Libye
73%
98,10 % Mauritanie
68%
98,03 % Somalie
41%
92,00 % Jordanie
38%
95,96 % Djibouti
24%
97,31 % Comores
23%
Aucun quiz correspondant
Distribution des résultats
% des personnes avec chaque résultat
Percentile par nombre de réponses
Votre historique - résultats
Vous n’avez pas pris ce quiz